000 00559nam a2200193Ia 4500
005 20250508160705.0
008 008 250505s9999 xx 000 0 eng d
037 _aTextual
040 _aFEDL
_beng
_cFEDL
041 _aeng
_2eng
084 _a370.951, FRA
_qFEDL
100 _aFraser Stewart
245 0 _aChinese communist education : Records of the first decade
260 _aNashville
_bVanderbilt University Press
_c1965
300 _axvi,542p
650 _aEducation
942 _cTEXL
_h370.951, FRA
999 _c1366045
_d1366045